000 00380nam a22001577a 4500
003 macl
005 20170614170030.0
008 170614b xxu||||| |||| 00| 0 eng d
040 _cmacl
082 _a954/GUP
100 _aGupta,K.S.
_967495
245 _aMawar & Maratha Relations
260 _aJodhpur
_bbooks treasure
_c2017
650 _aHistory
_967496
942 _2ddc
_cBK
999 _c56552
_d56552